[Event "16ème Open des Vins du Médoc"]
[Site "Naujac sur Mer ; France"]
[Date "2013.07.04"]
[Round "6.7"]
[White "Deslias, Gregoire"]
[Black "Godard, Maxence"]
[Result "0-1"]
[WhiteElo "2132"]
[BlackElo "2348"]
[PlyCount "86"]
[EventDate "2012.??.??"]

1. d4 Nf6 2. c4 e6 3. Nc3 Bb4 4. Qc2 c5 5. dxc5 O-O 6. a3 Bxc5 7. Nf3 b6 8. Bf4
Nh5 9. Bg5 Be7 10. Bxe7 Qxe7 11. e3 Bb7 12. Be2 Nf6 13. O-O d6 14. Rfd1 Rd8 15.
Rac1 Nbd7 16. b4 Rac8 17. Nb5 Bxf3 18. Bxf3 Ne5 19. Be2 d5 20. c5 bxc5 21. bxc5
Ne4 22. Qa4 Rxc5 23. Qxa7 Qh4 24. g3 Qf6 25. f4 Rxb5 26. Qd4 Rb2 27. Qxb2 Nf3+
28. Bxf3 Qxb2 29. Bxe4 Qxa3 30. Kf2 g6 31. Bf3 Rb8 32. Be2 Rb2 33. Rb1 Rc2 34.
Re1 h5 35. Ra1 Qd3 36. Rac1 Rb2 37. Rc8+ Kg7 38. Rb8 Rd2 39. Rb4 Qf5 40. Ra4
Qh3 41. Kg1 h4 42. gxh4 Qxe3+ 43. Kf1 d4 0-1

[Event "16ème Open des Vins du Médoc"]
[Site "Naujac sur Mer ; France"]
[Date "2013.07.04"]
[Round "6.8"]
[White "Favarel, Antoine"]
[Black "Zierke, Oliver"]
[Result "1-0"]
[WhiteElo "2347"]
[BlackElo "2263"]
[PlyCount "65"]
[EventDate "2012.??.??"]

1. d4 d5 2. c4 e6 3. Nc3 c5 4. cxd5 exd5 5. Nf3 Nc6 6. dxc5 d4 7. Na4 Bxc5 8.
Nxc5 Qa5+ 9. Bd2 Qxc5 10. Rc1 Qb6 11. e3 Nf6 12. Bc4 O-O 13. O-O Qd8 14. Nxd4
Nxd4 15. exd4 Bg4 16. Qb3 Qxd4 17. Bb4 b5 18. Bxf8 bxc4 19. Rxc4 Qd8 20. Bxg7
Kxg7 21. Qg3 h5 22. h3 Qd5 23. Rfc1 Ne4 24. Rxe4 Qxe4 25. hxg4 hxg4 26. Qc3+ f6
27. Re1 Qd5 28. Qb4 f5 29. Qe7+ Kg8 30. Qg5+ Kf8 31. Qf6+ Qf7 32. Qd6+ Kg8 33.
Re7 1-0

[Event "16ème Open des Vins du Médoc"]
[Site "Naujac sur Mer ; France"]
[Date "2013.07.05"]
[Round "6.9"]
[White "Zickelbein, Eva Maria"]
[Black "Behrhorst, Frank"]
[Result "0-1"]
[WhiteElo "2087"]
[BlackElo "2281"]
[PlyCount "126"]
[EventDate "2012.??.??"]

1. e4 Nf6 2. e5 Nd5 3. d4 d6 4. c4 Nb6 5. exd6 exd6 6. Nc3 Be7 7. Bd3 O-O 8.
Nge2 Nc6 9. O-O Bg4 10. f3 Bh5 11. Be3 Bg6 12. Bxg6 hxg6 13. b3 Bf6 14. Ne4 d5
15. Nxf6+ Qxf6 16. c5 Nd7 17. Qd2 Rfe8 18. Rfe1 Nf8 19. Bf2 Ne6 20. b4 a6 21.
Rad1 Ne7 22. Bg3 Nf5 23. Be5 Qd8 24. Nf4 Nxf4 25. Bxf4 Qd7 26. g4 Ne7 27. a4
Qxa4 28. Bxc7 Nc6 29. Ba5 Qb3 30. Kg2 Qc4 31. Rxe8+ Rxe8 32. Qd3 Re2+ 33. Kf1
Qxd3 34. Rxd3 Rb2 35. Re3 Kf8 36. Bc7 Rxb4 37. Bd6+ Kg8 38. Re8+ Kh7 39. Rf8 f6
40. g5 Nxd4 41. gxf6 gxf6 42. Rxf6 Nf5 43. Rf8 Kg7 44. Rb8 Rb5 45. Rc8 d4 46.
Ke2 Nxd6 47. cxd6 Rd5 48. Rc7+ Kf6 49. d7 d3+ 50. Kd2 Ke6 51. Rxb7 Rxd7 52. Rb4
Rd6 53. h4 Kd7 54. Rg4 Kc6 55. Rg5 Kb6 56. h5 gxh5 57. Rxh5 a5 58. f4 a4 59. f5
a3 60. f6 Rxf6 61. Kxd3 Rc6 62. Rh2 Kb5 63. Rc2 Rd6+ 0-1

[Event "16ème Open des Vins du Médoc"]
[Site "Naujac sur Mer ; France"]
[Date "2013.07.04"]
[Round "6.10"]
[White "Marie, Maxime"]
[Black "Helie, Marc"]
[Result "1/2-1/2"]
[WhiteElo "2214"]
[BlackElo "2074"]
[PlyCount "63"]
[EventDate "2012.??.??"]

1. c4 Nf6 2. g3 g6 3. Bg2 Bg7 4. Nc3 O-O 5. e3 d6 6. Nge2 Nbd7 7. O-O e5 8. Rb1
a5 9. a3 Re8 10. d3 h5 11. b4 axb4 12. axb4 h4 13. h3 hxg3 14. fxg3 Nh7 15. b5
Ndf6 16. e4 Be6 17. g4 Nd7 18. Be3 Bf6 19. Nd5 Bg5 20. Bxg5 Nxg5 21. Qd2 c6 22.
bxc6 bxc6 23. Ng3 cxd5 24. exd5 Bxg4 25. hxg4 Nc5 26. Rbe1 Ra3 27. Re3 Qb6 28.
Kh2 Qd8 29. d4 Rxe3 30. Qxe3 exd4 31. Qxd4 Re5 32. Qf4 1/2-1/2

[Event "16ème Open des Vins du Médoc"]
[Site "Naujac sur Mer ; France"]
[Date "2013.07.04"]
[Round "6.11"]
[White "Maruejols, Claude"]
[Black "Saenz Narciso, Miguel Angel"]
[Result "0-1"]
[WhiteElo "2006"]
[BlackElo "2196"]
[PlyCount "78"]
[EventDate "2012.??.??"]

1. d4 Nf6 2. c4 c5 3. d5 b5 4. cxb5 a6 5. b6 d6 6. Nc3 Nbd7 7. a4 a5 8. e4 g6
9. Bb5 Bg7 10. f4 O-O 11. Nf3 Nxb6 12. O-O Bb7 13. Nd2 e6 14. Nc4 exd5 15. exd5
Nfxd5 16. Nxd5 Nxd5 17. Ra3 Bd4+ 18. Kh1 Nf6 19. Rd3 Ne4 20. Be3 Bxe3 21. Nxe3
Qh4 22. Kg1 Rad8 23. Nc4 d5 24. Nxa5 Ba8 25. Nc6 Rd6 26. Ne5 Qd8 27. f5 f6 28.
Ng4 Kg7 29. fxg6 hxg6 30. Rh3 Rh8 31. Rxh8 Qxh8 32. Rf3 Qh5 33. Rh3 Qg5 34. Nf2
Nxf2 35. Kxf2 Re6 36. Rg3 Qf4+ 37. Kg1 Qb4 38. Rxg6+ Kxg6 39. Qg4+ Qxg4 0-1

[Event "16ème Open des Vins du Médoc"]
[Site "Naujac sur Mer ; France"]
[Date "2013.07.04"]
[Round "6.12"]
[White "Lorente Penalba, Diego"]
[Black "Zobel, Andrej"]
[Result "1/2-1/2"]
[WhiteElo "2182"]
[BlackElo "2035"]
[PlyCount "82"]
[EventDate "2012.??.??"]

1. e4 e5 2. Nf3 Nc6 3. Nc3 Nf6 4. d4 exd4 5. Nxd4 Bb4 6. Nxc6 bxc6 7. Bd3 d5 8.
exd5 cxd5 9. O-O O-O 10. Bg5 c6 11. Qf3 Be7 12. Rae1 Be6 13. Qg3 Rb8 14. Nd1
Rb4 15. f4 Ne4 16. Bxe7 Qxe7 17. Bxe4 Rxe4 18. Rxe4 dxe4 19. f5 Qc5+ 20. Ne3
Bc8 21. f6 g6 22. Qf4 Re8 23. Rd1 g5 24. Qg3 h6 25. h4 Kh7 26. hxg5 Qxg5 27.
Qf2 Re6 28. Rf1 Kg6 29. Nf5 Ba6 30. Ne7+ Kh7 31. Re1 Rxf6 32. Qxa7 Qd2 33. Rxe4
Rf1+ 34. Kh2 Qd6+ 35. Kh3 Rh1+ 36. Kg4 Bc8+ 37. Nxc8 Qg6+ 38. Kf3 Qf5+ 39. Kg3
Qxe4 40. Qxf7+ Kh8 41. Qf6+ Kh7 1/2-1/2

[Event "16ème Open des Vins du Médoc"]
[Site "Naujac sur Mer ; France"]
[Date "2013.07.05"]
[Round "7.1"]
[White "Wohl, Aleksandar H"]
[Black "Velten, Paul"]
[Result "1/2-1/2"]
[WhiteElo "2369"]
[BlackElo "2422"]
[PlyCount "144"]
[EventDate "2012.??.??"]

1. c4 e5 2. g3 Nf6 3. Bg2 Bc5 4. Nc3 O-O 5. e3 Nc6 6. a3 d6 7. Nge2 Bf5 8. d3
h6 9. h3 a6 10. g4 Bh7 11. Ng3 Rb8 12. h4 Kh8 13. b4 Ba7 14. Bb2 Ne7 15. g5
Nfg8 16. Be4 f5 17. gxf6 Nxf6 18. Bxh7 Kxh7 19. Nce4 Nxe4 20. Nxe4 Nf5 21. Qg4
Kg8 22. O-O-O Qe7 23. Rh3 b5 24. Rg1 Qe6 25. Rf3 Rf7 26. Qh5 Rbf8 27. Rg6 Qxg6
28. Qxg6 Nxh4 29. Rxf7 Nxg6 30. Rxc7 Bb8 31. Rb7 Nh4 32. f4 Nf5 33. fxe5 dxe5
34. Kd2 h5 35. c5 Kh7 36. c6 Rc8 37. Ng5+ Kg6 38. Nf3 Bc7 39. Nxe5+ Kg5 40.
Nf3+ Kg4 41. Be5 Kxf3 42. Bxc7 g5 43. e4 Nd4 44. Bb6 Nxc6 45. Rf7+ Kg4 46. d4
h4 47. Ke3 h3 48. Bc7 Nd8 49. Bxd8 Rxd8 50. Rh7 Kg3 51. e5 h2 52. Ke4 g4 53. e6
Kg2 54. d5 g3 55. e7 Re8 56. d6 h1=Q 57. Rxh1 Kxh1 58. Kf5 g2 59. d7 Rg8 60.
e8=Q g1=Q 61. Qe4+ Kh2 62. Qh4+ Kg2 63. d8=Q Qf1+ 64. Ke5 Qe2+ 65. Kd6 Qd3+ 66.
Kc7 Rxd8 67. Qxd8 Qxa3 68. Qd2+ {(=)} Kf3 69. Kb6 Ke4 70. Kb7 Kf3 71. Kb6 Ke4
72. Kb7 Kf3 1/2-1/2

[Event "16ème Open des Vins du Médoc"]
[Site "Naujac sur Mer ; France"]
[Date "2013.07.05"]
[Round "7.2"]
[White "Van Delft, Merijn"]
[Black "Zaragatski, Ilja"]
[Result "1/2-1/2"]
[WhiteElo "2411"]
[BlackElo "2486"]
[PlyCount "38"]
[EventDate "2012.??.??"]

1. e4 e5 2. Nf3 Nc6 3. Bb5 a6 4. Ba4 Nf6 5. O-O Be7 6. Re1 b5 7. Bb3 O-O 8. c3
d6 9. h3 Nb8 10. d4 Nbd7 11. Nbd2 Bb7 12. Bc2 Re8 13. Nf1 Bf8 14. Ng3 g6 15. b3
c6 16. Bb2 Qc7 17. a4 Bg7 18. axb5 axb5 19. Rxa8 Bxa8 1/2-1/2

[Event "16ème Open des Vins du Médoc"]
[Site "Naujac sur Mer ; France"]
[Date "2013.07.05"]
[Round "7.3"]
[White "Collas, Didier"]
[Black "Colpe, Malte"]
[Result "1/2-1/2"]
[WhiteElo "2394"]
[BlackElo "2305"]
[PlyCount "29"]
[EventDate "2012.??.??"]

1. d4 d5 2. Nf3 Nf6 3. c4 c6 4. Qb3 e6 5. Bg5 Be7 6. e3 a6 7. Nbd2 Nbd7 8. Be2
O-O 9. Rc1 Ne4 10. Bxe7 Qxe7 11. Nxe4 dxe4 12. Nd2 e5 13. d5 Nf6 14. O-O Rd8
15. Rcd1 1/2-1/2

[Event "16ème Open des Vins du Médoc"]
[Site "Naujac sur Mer ; France"]
[Date "2013.07.05"]
[Round "7.4"]
[White "Godard, Maxence"]
[Black "Favarel, Antoine"]
[Result "0-1"]
[WhiteElo "2348"]
[BlackElo "2347"]
[PlyCount "74"]
[EventDate "2012.??.??"]

1. d4 Nf6 2. c4 e6 3. Nc3 Bb4 4. e3 O-O 5. Nge2 d5 6. a3 Bd6 7. cxd5 exd5 8. g3
c6 9. Bg2 a5 10. O-O Na6 11. f3 c5 12. Bd2 Re8 13. Qc2 b6 14. Rad1 Bb7 15. Bc1
Rc8 16. Bh3 Rc7 17. Nb5 Rce7 18. Nxd6 Qxd6 19. Bg2 Qc6 20. g4 h6 21. Ng3 cxd4 {
(=)} 22. Qxc6 Bxc6 23. Nf5 dxe3 24. Nxe7+ Rxe7 25. Rfe1 e2 26. Rd4 Nc5 27. g5
Nh7 28. g6 Nf6 29. gxf7+ Kxf7 30. Bf4 Bb5 31. Bd6 Rd7 32. Bxc5 bxc5 33. Rd2 Nh5
34. Rc2 Nf4 35. Rxc5 Nd3 36. Rxb5 Nxe1 37. Kf2 Nc2 0-1

[Event "16ème Open des Vins du Médoc"]
[Site "Naujac sur Mer ; France"]
[Date "2013.07.05"]
[Round "7.5"]
[White "Collas, Silvia"]
[Black "Purenne, Benoit"]
[Result "1-0"]
[WhiteElo "2274"]
[BlackElo "2223"]
[PlyCount "49"]
[EventDate "2012.??.??"]

1. Nf3 Nf6 2. c4 g6 3. Nc3 Bg7 4. g3 b6 5. Bg2 Bb7 6. O-O O-O 7. Re1 e6 8. e4
d5 9. cxd5 exd5 10. e5 Ne4 11. d3 Nxc3 12. bxc3 d4 13. cxd4 Nc6 14. Bb2 Qd7 15.
Ng5 Rfe8 16. Qa4 b5 17. Qxb5 Rab8 18. e6 fxe6 19. Rxe6 Rxe6 20. Bd5 Qd6 21.
Bxe6+ Kf8 22. Nxh7+ Ke8 23. Re1 Ba8 24. Bg4+ Kd8 25. Ng5 1-0

[Event "16ème Open des Vins du Médoc"]
[Site "Naujac sur Mer ; France"]
[Date "2013.07.05"]
[Round "7.6"]
[White "Kramer, Julian"]
[Black "Behrhorst, Frank"]
[Result "1/2-1/2"]
[WhiteElo "2133"]
[BlackElo "2281"]
[PlyCount "98"]
[EventDate "2012.??.??"]

1. e4 Nf6 2. e5 Nd5 3. d4 d6 4. Nf3 Nb6 5. h3 dxe5 6. Nxe5 N8d7 7. Bd3 Nxe5 8.
dxe5 g6 9. O-O Bg7 10. Qe2 Be6 11. Nd2 O-O 12. Nf3 Bd5 13. Re1 e6 14. c4 Bxf3
15. Qxf3 Nd7 16. Bf4 c6 17. Rad1 Qc7 18. Qg3 Rfd8 {(=)} 19. Bb1 Nb6 20. b3 Rxd1
21. Rxd1 Rd8 22. Re1 Nd7 23. a3 Qa5 24. b4 Qc7 25. h4 a5 26. Bc2 Nb6 27. Qc3
axb4 28. axb4 c5 29. bxc5 Qxc5 30. Re4 Rc8 31. Bd3 Nd5 32. Qd4 Qxd4 33. Rxd4
Nxf4 34. Rxf4 Bxe5 35. Re4 Bc3 36. Re2 Rd8 37. Be4 Rd1+ 38. Kh2 b6 39. Rc2 Bd4
40. g3 Kf8 41. Bf3 Rd3 42. Be4 Rb3 43. Kg2 h5 44. Rd2 Bc5 45. Bc6 Rc3 46. Bb5
Ke7 47. Re2 Kf6 48. Rd2 e5 49. f3 Ke6 1/2-1/2

[Event "16ème Open des Vins du Médoc"]
[Site "Naujac sur Mer ; France"]
[Date "2013.07.06"]
[Round "7.7"]
[White "Resnjanskij, Denis"]
[Black "Saenz Narciso, Miguel Angel"]
[Result "0-1"]
[WhiteElo "2130"]
[BlackElo "2196"]
[PlyCount "114"]
[EventDate "2012.??.??"]

1. d4 Nf6 2. Nf3 c5 3. c4 g6 4. Nc3 cxd4 5. Nxd4 Nc6 6. e4 Nxd4 7. Qxd4 d6 8.
Be3 Bg7 9. Be2 O-O 10. Qd2 Be6 11. O-O Qa5 12. Rfd1 Rfc8 13. b3 a6 14. Rac1 b5
15. Nd5 Qxd2 16. Bxd2 Nxd5 17. cxd5 Bd7 18. Kf1 f5 19. Bd3 fxe4 20. Bxe4 Bf5
21. Bxf5 gxf5 22. Ke2 Kf7 23. Be3 Bb2 24. Rxc8 Rxc8 25. Kd3 Rc3+ 26. Kd2 Rc8
27. Kd3 Rc3+ 28. Kd2 Rc7 29. Bb6 Rc8 30. Be3 Kf6 31. Rb1 Be5 32. f4 Bc3+ 33.
Kd3 Bb4 34. Bd4+ e5 35. dxe6+ Kxe6 36. Rd1 Kd5 37. g3 h5 38. Ra1 Re8 39. a4 Re1
40. Rxe1 Bxe1 41. axb5 axb5 42. Bf6 Bb4 43. Ke3 Bc5+ 44. Kd3 Bg1 45. h3 Kc5 46.
Be7 Bf2 47. Bh4 Kb4 48. Ke2 Bc5 49. g4 hxg4 50. hxg4 fxg4 51. f5 d5 52. f6 Kxb3
53. Kd3 Ka2 54. f7 b4 55. Bf2 Bf8 56. Bd4 b3 57. Bc3 b2 0-1

[Event "16ème Open des Vins du Médoc"]
[Site "Naujac sur Mer ; France"]
[Date "2013.07.05"]
[Round "7.8"]
[White "Roth, Josef"]
[Black "Roumegous, Marina"]
[Result "1-0"]
[WhiteElo "2109"]
[BlackElo "2154"]
[PlyCount "57"]
[EventDate "2012.??.??"]

1. e4 c6 2. d4 d5 3. e5 Bf5 4. Nf3 e6 5. a3 Nd7 6. Be2 c5 7. O-O Bg6 8. c4 Ne7
9. Nc3 cxd4 10. Nb5 Nc6 11. cxd5 exd5 12. Nbxd4 Nxd4 13. Nxd4 Qb6 14. Be3 Bc5
15. b4 Bxd4 16. Bxd4 Qe6 17. f4 h5 18. Bf3 Nb6 19. Bc5 Rd8 20. Bd6 Be4 21. Be2
f5 22. Bxh5+ g6 23. Be2 Kf7 24. Rc1 Rc8 25. Qd4 Rh4 26. g3 Rh3 27. Rxc8 Nxc8
28. Rc1 g5 29. Rc7+ 1-0

[Event "16ème Open des Vins du Médoc"]
[Site "Naujac sur Mer ; France"]
[Date "2013.07.05"]
[Round "7.9"]
[White "Das, Arghyadip"]
[Black "Martinet, Regis"]
[Result "1-0"]
[WhiteElo "2493"]
[BlackElo "2028"]
[PlyCount "57"]
[EventDate "2012.??.??"]

1. e4 c5 2. Nc3 Nc6 3. Bb5 Nf6 4. Nf3 Qc7 5. d3 Nd4 6. Ba4 e6 7. Nxd4 cxd4 8.
Ne2 Qa5+ 9. c3 dxc3 10. Nxc3 Be7 11. Bd2 O-O 12. Nd5 Qd8 13. Nxe7+ Qxe7 14. O-O
d6 15. Bg5 h6 16. Be3 e5 17. Rc1 Be6 18. f4 Ng4 19. Bd2 f5 20. h3 exf4 21. hxg4
fxg4 22. Bxf4 g5 23. Be3 Rxf1+ 24. Qxf1 Rf8 25. Qd1 g3 26. Qe1 g4 27. Qxg3 h5
28. Bd4 h4 29. Qe3 1-0

[Event "16ème Open des Vins du Médoc"]
[Site "Naujac sur Mer ; France"]
[Date "2013.07.05"]
[Round "7.10"]
[White "Bonn, Thomas"]
[Black "Armas, Lara-Maria"]
[Result "1-0"]
[WhiteElo "2277"]
[BlackElo "1941"]
[PlyCount "47"]
[EventDate "2012.??.??"]

1. d4 Nf6 2. Nf3 e6 3. Bg5 Be7 4. e3 O-O 5. Bd3 d6 6. O-O Nbd7 7. c4 c5 8. Nc3
b6 9. d5 h6 10. Bf4 Nh5 11. dxe6 fxe6 12. Be4 Nxf4 13. Bxa8 Ba6 14. Be4 Bxc4
15. exf4 Bxf1 16. Qxf1 Rxf4 17. Qc4 Rf6 18. Rd1 Kh8 19. Bc2 d5 20. Qd3 Nf8 21.
Ne5 Bd6 22. Re1 c4 23. Qd2 Bc5 24. Ne4 1-0

[Event "16ème Open des Vins du Médoc"]
[Site "Naujac sur Mer ; France"]
[Date "2013.07.05"]
[Round "7.11"]
[White "Zierke, Oliver"]
[Black "L'Hospital, Philippe"]
[Result "1-0"]
[WhiteElo "2263"]
[BlackElo "1922"]
[PlyCount "41"]
[EventDate "2012.??.??"]

1. d4 d6 2. c4 e5 3. Nf3 e4 4. Ng5 f5 5. Nc3 Be7 6. Nh3 Nf6 7. e3 c6 8. Be2 O-O
9. O-O Na6 10. d5 Nc7 11. Rb1 a5 12. a3 Bd7 13. b4 axb4 14. axb4 Qe8 15. dxc6
bxc6 16. b5 cxb5 17. cxb5 Rb8 18. Ba3 Nxb5 19. Nxb5 Bxb5 20. Qb3+ Kh8 21. Bxb5
1-0

[Event "16ème Open des Vins du Médoc"]
[Site "Naujac sur Mer ; France"]
[Date "2013.07.05"]
[Round "7.12"]
[White "Zobel, Andrej"]
[Black "Marie, Maxime"]
[Result "0-1"]
[WhiteElo "2035"]
[BlackElo "2214"]
[PlyCount "86"]
[EventDate "2012.??.??"]

1. d4 Nf6 2. c4 e6 3. Nc3 Bb4 4. f3 d5 5. a3 Be7 6. e4 dxe4 7. fxe4 e5 8. d5 a5
9. Nf3 Nbd7 10. Bd3 Bc5 11. Qe2 Qe7 12. Bd2 a4 13. Nb5 Nf8 14. Bc2 Ng6 15.
O-O-O O-O 16. Rhf1 Ne8 17. Ne1 Bd7 18. Nd3 Bxb5 19. Nxc5 Qxc5 20. cxb5 Nd6 21.
Bb4 Qb6 22. g3 Rfd8 23. Bd3 Nf8 24. Kb1 Nd7 25. Rc1 Rac8 26. Rc3 Re8 27. Rfc1
f5 28. exf5 e4 29. Bc4 Ne5 30. Bxd6 cxd6 31. Ba2 Rxc3 32. Rxc3 Qd4 33. Ka1 Nd3
34. Rc4 Qe5 35. Rxa4 Qxf5 36. Bb1 Nc5 37. Rb4 Qe5 38. Qe3 g6 39. Ba2 Rf8 40.
Rc4 Rf3 41. Qh6 Rf1+ 42. Rc1 Rf2 43. Rc3 Rxb2 0-1

[Event "16ème Open des Vins du Médoc"]
[Site "Naujac sur Mer ; France"]
[Date "2013.07.06"]
[Round "8.1"]
[White "Velten, Paul"]
[Black "Favarel, Antoine"]
[Result "1/2-1/2"]
[WhiteElo "2422"]
[BlackElo "2347"]
[PlyCount "39"]
[EventDate "2013.??.??"]

1. Nf3 d5 2. c4 c6 3. cxd5 cxd5 4. d4 Nc6 5. Nc3 Nf6 6. Bf4 Bf5 7. e3 e6 8. Bd3
Bxd3 9. Qxd3 Bd6 10. Bxd6 Qxd6 11. O-O O-O 12. a3 Rfc8 13. Rac1 a6 14. h3 Rc7
15. Ne2 Rac8 16. g3 Ne7 17. Kg2 Rxc1 18. Rxc1 Rxc1 19. Nxc1 Qb6 20. Qc2 1/2-1/2

[Event "16ème Open des Vins du Médoc"]
[Site "Naujac sur Mer ; France"]
[Date "2013.07.06"]
[Round "8.2"]
[White "Zaragatski, Ilja"]
[Black "Wohl, Aleksandar H"]
[Result "1-0"]
[WhiteElo "2486"]
[BlackElo "2369"]
[PlyCount "67"]
[EventDate "2013.??.??"]

1. Nf3 g6 2. e4 Bg7 3. d4 d6 4. Be2 b6 5. c4 Bb7 6. Nc3 Nd7 7. O-O e6 8. Qc2
Ne7 9. d5 exd5 10. cxd5 O-O 11. Be3 h6 12. Nd4 Re8 13. Rad1 a6 14. Qd2 Kh7 15.
f4 Ng8 16. Nc6 Bxc6 17. dxc6 Nc5 18. e5 dxe5 19. Qc2 Qf6 20. Bxc5 bxc5 21. fxe5
Qxe5 22. Rxf7 Nf6 23. Rf1 Re6 24. Kh1 Rd8 25. Bf3 Rd4 26. g3 h5 27. Ne2 Rg4 28.
Nf4 Rxf4 29. gxf4 Qxf4 30. Qg2 Qe5 31. Qg3 Qxb2 32. Qxc7 Ne4 33. Bxe4 Rxe4 34.
Rxg7+ 1-0

[Event "16ème Open des Vins du Médoc"]
[Site "Naujac sur Mer ; France"]
[Date "2013.07.06"]
[Round "8.3"]
[White "Saenz Narciso, Miguel Angel"]
[Black "Van Delft, Merijn"]
[Result "0-1"]
[WhiteElo "2196"]
[BlackElo "2411"]
[PlyCount "146"]
[EventDate "2013.??.??"]

1. e4 c5 2. Nf3 d6 3. d4 cxd4 4. Nxd4 Nf6 5. Nc3 a6 6. g3 e6 7. Bg2 Be7 8. O-O
O-O 9. b3 Qc7 10. Bb2 Nc6 11. h3 Bd7 12. Kh1 Rac8 13. Rc1 b5 14. a4 Nxd4 15.
Qxd4 bxa4 16. Nxa4 e5 17. Qd3 Bxa4 18. bxa4 Qc4 19. a5 Rc5 20. Qxc4 Rxc4 21. c3
Nxe4 22. Bxe4 Rxe4 23. Ba3 Rc4 24. Rfd1 Rd8 25. Rb1 Kf8 26. Rb6 Ra8 27. Bxd6 {
(=)} Rxc3 28. Kg1 g6 29. Bxe7+ Kxe7 30. Rdd6 Rc5 31. Rxa6 Rxa5 32. Rxa8 Rxa8
33. Rb6 Rd8 34. h4 Rd6 35. Rb7+ Ke6 36. Kf1 Ra6 37. Rc7 h5 38. Rb7 Rd6 39. Ke2
Rd7 40. Rb4 Rd4 41. Rb6+ Kf5 42. Rb7 f6 43. Rb6 Ra4 44. Kf3 Ra3+ 45. Kg2 Rc3
46. Ra6 Rc7 47. Ra4 Rc6 48. Rb4 Ke6 49. Ra4 Rd6 50. Rb4 Kf5 51. Ra4 Rd4 52. Ra6
Rd2 53. Kf3 e4+ 54. Ke3 Rd3+ 55. Ke2 Rf3 56. Ra4 Rd3 57. Kf1 Rd2 58. Rb4 Ke5
59. Ra4 g5 60. hxg5 fxg5 61. Ra8 Kf5 62. Re8 Rd1+ 63. Kg2 Re1 64. Rf8+ Kg4 65.
Re8 e3 66. f3+ Kf5 67. Re7 Re2+ 68. Kg1 h4 69. gxh4 gxh4 70. Kf1 Rf2+ 71. Ke1
h3 72. Rh7 h2 73. Rh8 Ra2 0-1

[Event "16ème Open des Vins du Médoc"]
[Site "Naujac sur Mer ; France"]
[Date "2013.07.06"]
[Round "8.5"]
[White "Colpe, Malte"]
[Black "Roth, Josef"]
[Result "1/2-1/2"]
[WhiteElo "2305"]
[BlackElo "2109"]
[PlyCount "56"]
[EventDate "2013.??.??"]

1. d4 d5 2. c4 e6 3. Nc3 c5 4. cxd5 exd5 5. Nf3 Nc6 6. dxc5 d4 7. Na4 Bxc5 8.
Nxc5 Qa5+ 9. Bd2 Qxc5 10. b4 Nxb4 11. Rc1 Qd6 12. e3 Nc6 13. Bc3 Nge7 14. Nxd4
O-O 15. Be2 Rd8 16. O-O Nxd4 17. Bxd4 Nc6 18. Bc3 Qxd1 19. Rfxd1 Rxd1+ 20. Bxd1
Be6 21. a3 Rc8 22. Rb1 b6 23. Bf3 f6 24. h4 Kf7 25. Be4 h5 26. Rb5 g6 27. a4
Ne7 28. Bd4 Bd7 1/2-1/2

[Event "16ème Open des Vins du Médoc"]
[Site "Naujac sur Mer ; France"]
[Date "2013.07.06"]
[Round "8.6"]
[White "Thalwitzer, David"]
[Black "Das, Arghyadip"]
[Result "0-1"]
[WhiteElo "2174"]
[BlackElo "2493"]
[PlyCount "40"]
[EventDate "2013.??.??"]

1. e4 e6 2. d4 d5 3. e5 c5 4. c3 Nc6 5. Nf3 Bd7 6. a3 c4 7. Nbd2 Na5 8. g3 Bc6
9. h4 Qd7 10. b3 cxb3 11. Nxb3 Ba4 12. Nfd2 Rc8 13. Bb2 Rc6 14. Rb1 Rb6 15. Bc1
Qc7 16. Qc2 f6 17. f4 Nh6 18. Bh3 f5 19. O-O Nxb3 20. Nxb3 Qc4 0-1

[Event "16ème Open des Vins du Médoc"]
[Site "Naujac sur Mer ; France"]
[Date "2013.07.06"]
[Round "8.8"]
[White "Behrhorst, Frank"]
[Black "Helie, Marc"]
[Result "1-0"]
[WhiteElo "2281"]
[BlackElo "2074"]
[PlyCount "105"]
[EventDate "2013.??.??"]

1. d4 Nf6 2. c4 g6 3. f3 Bg7 4. e4 d6 5. Nc3 O-O 6. Bg5 Na6 7. Qd2 e5 8. d5 Qe7
9. Nge2 c5 10. g4 Nc7 11. Ng3 a6 12. h4 Bd7 13. h5 b5 14. Kf2 bxc4 15. Bxc4 Nb5
16. Bxb5 axb5 17. Kg2 b4 18. Nd1 b3 19. a3 Ra4 20. Ne2 Qe8 21. Ndc3 Ra7 22. Ng3
Qc8 23. Bh6 Bxg4 24. Bxg7 Bxf3+ 25. Kxf3 Qg4+ 26. Kg2 Kxg7 27. hxg6 fxg6 28.
Qh6+ Kg8 29. Raf1 Rg7 30. Qh4 h5 31. Qxg4 Nxg4 32. Rxf8+ Kxf8 33. Rf1+ Ke7 34.
Rf3 h4 35. Nf1 g5 36. Ne3 Nxe3+ 37. Rxe3 g4 38. Ne2 c4 39. Rc3 Rf7 40. Rxc4 h3+
41. Kg3 h2 42. Rc7+ Kd8 43. Rc1 Rf3+ 44. Kg2 Rd3 45. Kxh2 Rd2 46. Re1 Rxb2 47.
Kg3 Rc2 48. Kxg4 Ra2 49. Nc3 Rc2 50. Nb5 Kd7 51. Rb1 Rg2+ 52. Kf3 Rh2 53. Ke3
1-0

[Event "16ème Open des Vins du Médoc"]
[Site "Naujac sur Mer ; France"]
[Date "2013.07.06"]
[Round "8.9"]
[White "Bonn, Thomas"]
[Black "Kramer, Julian"]
[Result "1-0"]
[WhiteElo "2277"]
[BlackElo "2133"]
[PlyCount "59"]
[EventDate "2013.??.??"]

1. d4 d5 2. Nf3 Nf6 3. c4 c6 4. Qb3 dxc4 5. Qxc4 Be6 6. Qc2 g6 7. Nc3 Bg7 8. e4
O-O 9. Be2 c5 10. d5 Bc8 11. O-O e6 12. Bg5 h6 13. Bh4 g5 14. Bg3 exd5 15. exd5
Nxd5 16. Rad1 Nb4 17. Qc1 Qa5 18. a3 N4c6 19. Nd5 Na6 20. Bxa6 bxa6 21. Bd6 Bb7
22. Bxc5 Rfd8 23. Rfe1 Rac8 24. Nxg5 Rxd5 25. Rxd5 Ne7 26. b4 Qb5 27. Rdd1 hxg5
28. Rxe7 Bf6 29. Re3 Qc6 30. Rg3 1-0

[Event "16ème Open des Vins du Médoc"]
[Site "Naujac sur Mer ; France"]
[Date "2013.07.06"]
[Round "8.10"]
[White "Deslias, Gregoire"]
[Black "Zierke, Oliver"]
[Result "0-1"]
[WhiteElo "2132"]
[BlackElo "2263"]
[PlyCount "76"]
[EventDate "2013.??.??"]

1. d4 d5 2. c4 e6 3. Nc3 c5 4. cxd5 exd5 5. Nf3 Nc6 6. g3 Nf6 7. Bg2 Be7 8. O-O
O-O 9. Bg5 c4 10. Ne5 Be6 11. b3 h6 12. Bf4 Qa5 13. Na4 Rfd8 14. Nxc6 bxc6 15.
bxc4 dxc4 16. Bxc6 Rac8 17. Bb7 Bd7 18. Nc5 Bxc5 19. dxc5 Rxc5 20. Qc1 Ba4 21.
Rb1 c3 22. Qa3 c2 23. Rb4 Be8 24. Qb3 Rd1 25. Bc1 Qd8 26. Qe3 Rcd5 27. Bxd5
Nxd5 28. Qb3 Nxb4 29. Qxb4 Rxf1+ 30. Kxf1 Qd1+ 31. Qe1 Bb5 32. f4 Bxe2+ 33. Kf2
Bg4 34. Qe8+ Kh7 35. Qe4+ f5 36. Qe1 Qf3+ 37. Kg1 Bh3 38. Qf2 Qd1+ 0-1

[Event "16ème Open des Vins du Médoc"]
[Site "Naujac sur Mer ; France"]
[Date "2013.07.06"]
[Round "8.11"]
[White "Purenne, Benoit"]
[Black "Goulesque, Camille"]
[Result "1/2-1/2"]
[WhiteElo "2223"]
[BlackElo "1890"]
[PlyCount "83"]
[EventDate "2013.??.??"]

1. d4 Nf6 2. c4 g6 3. Nc3 Bg7 4. e4 O-O 5. Nge2 d6 6. f3 c5 7. d5 Na6 8. Ng3
Nc7 9. Be2 a6 10. a4 b6 11. O-O e6 12. Bg5 h6 13. Be3 exd5 14. cxd5 Re8 15. f4
Rb8 16. e5 dxe5 17. d6 Ne6 18. fxe5 Nd7 19. Qd2 Qh4 20. Nd5 Nxe5 21. Ne7+ Kh7
22. Bf4 Nd7 23. Bd3 Bb7 24. Nxg6 fxg6 25. Bxg6+ Kh8 26. Bxe8 Rxe8 27. Rae1 Qf6
28. Be5 Qg5 29. Bxg7+ Nxg7 30. Rxe8+ Nxe8 31. Qxg5 hxg5 32. Rf7 Bc6 33. Nf5
Bxa4 34. g4 Nef6 35. h4 Nxg4 36. hxg5 Nge5 37. Re7 Nf3+ 38. Kf2 Nxg5 39. Kg3
Bc6 40. Kg4 Ne4 41. Kh5 {(=)} b5 42. Kg6 1/2-1/2